000 00829cam a2200217 a 4500
001 219362
005 20241024101903.0
008 990303s1995 mm b 000 0 eng d
020 _a9990967016
050 0 0 _aKKK1099.5
_b.E26 1995
245 0 0 _aEconomic and legal reform in Malta :
_bState of the European Union Conference 1995 /
_cedited by Peter G. Xuereb, Roderick Pace.
260 _a[Msida, Malta] :
_bEuropean Documentation and Research Centre, University of Malta,
_c1995.
300 _a419 p. ;
_c24 cm.
650 0 _aFinancial services industry
_xLaw and legislation
_zMalta.
650 0 _aConsumer protection
_xLaw and legislation
_zMalta.
650 0 _aTrade regulation
_zMalta.
650 0 _aTrade regulation
_zEuropean Union countries.
700 1 _aXuereb, Peter G.
700 1 _aPace, Roderick.
942 _2lcc
_cBK
_n0
999 _c164
_d164